000 00743nam a2200253Ia 4500
003 OSt
005 20220918170148.0
006 a|||||r|||| 00| 0
007 ta
008 220917b |||||||| |||| 00| 0 eng d
020 _a9171060863 (hbk)
024 _a1,243
037 _cTextual
040 _aARTS
_cARTS
_beng
041 _2eng
_aeng
082 _aV6:4(J).N, L5
100 _aOkereke O
_927373
245 0 _aAgrarian development programmes of African countries
_b a reappraisal of problems of policy
260 _aUppsala
_bThe Scandinavia Institute Of African studies
_c1975
490 _aResearch report no.26
650 _aHISTORY
942 _hV6:4(J).N, L5
_cTEXL
_2CC
999 _c132868
_d132868